000 00822nam a2200253Ia 4500
003 OSt
005 20200716173402.0
008 191128s1991 ck fr 000 0 spa d
020 _a9586390683
040 _aCO-JMCR
_cCO-JMCR
041 0 _aspa
082 0 4 _a338.98 /
_bC536g
_223
100 1 _aChild Vélez, Jorge,
_eautor
_97432
245 1 4 _aLos grandes poderes y la apertura económica /
_cJorge Child
250 _aPrimera edición
260 _aBogotá :
_bEditorial Grijalbo,
_c1991
300 _a235 páginas ;
_c20 cm.
490 0 _aTextos
505 0 _aMercado y naturaleza -- Apertura y estructuras de dominación
650 1 4 _aEconomía de mercado
_zAmérica Latina
_97433
650 1 4 _aApertura económica
_xteorías
_97434
650 1 4 _aApertura económica
_zAmérica Latina
_97435
942 _2ddc
_cBK
999 _c5619
_d5619